Statistics for Who's that Pokemon?

Click here to take the quiz!

General Stats

  • This quiz has been taken 11 times
  • The average score is 9 of 15

Answer Stats

HintAnswer% Correct
This Pokemon evolves to Metagross.Metang
80%
This Pokemon evolves to Froslass.Snorunt
80%
This Pokemon evolves from Croconaw.Feraligatr
70%
This Pokemon's type is Normal and Psychic and
is an orangutan.
Oranguru
70%
This Pokemon is polite and a toad.Politoed
70%
A part of this Pokemon's name is often mistaken
with Former US President Barack Obama.
Abomasnow
60%
This Pokemon's type is Bug and Electric, and it
charges.
Charjabug
60%
This Pokemon is the word ingredient without
the first 2 letters.
Greedent
60%
This Pokemon's a croc and rocks.Krokorok
60%
This Pokemon literally is sticking it's tongue out.Lickilicky
60%
This Pokemon is Mighty and a carnivore.Mightyena
60%
This Pokemon is cute and spins.Spinda
60%
This Pokemon evolves from Wobbuffet.Wynaut
60%
🫣 + the noise you make from sneezing.Pikachu
50%
This Pokemon's Grass and Flying, and looks at
Your soul menacingly.
Rowlet
30%

Score Distribution

Percentile by Number Answered

Percent of People with Each Score

Your Score History

You have not taken this quiz